[Event "SK Kriegshaber 1-SK Tarrasch Muenchen 1"]
[Site "?"]
[Date "2023.11.19"]
[Round "2.5"]
[White "Bolduan, Sebastian"]
[Black "Bintakies, Michael"]
[Result "1/2-1/2"]
[WhiteElo "2156"]
[BlackElo "2115"]
[PlyCount "174"]
[EventDate "2023.??.??"]
[WhiteTeam "SK Tarrasch München 1"]
[BlackTeam "SK Kriegshaber 1"]

1. d4 d5 2. Nc3 Nf6 3. Bf4 a6 4. e3 b5 5. h4 h6 6. Nf3 e6 7. a3 c5 8. Ne5 Nfd7 9. g4 Nxe5 10. Bxe5 Nc6 11. Bg3 Bd6 12. dxc5 Bxc5 13. Bg2 b4 14. Na4 Bd6 15. Bxd6 Qxd6 16. axb4 Qxb4+ 17. c3 Qe7 18. Nb6 Rb8 19. Nxc8 Rxc8 20. Rxa6 O-O 21. g5 hxg5 22. Qh5 g4 23. Qxg4 f5 24. Qa4 Ne5 25. Qd4 Rc6 26. Ra7 Qd6 27. f4 Nd7 28. Bf3 Rc4 29. Qd2 Rc7 30. Rxc7 Qxc7 31. Rg1 Qd8 32. Rg5 Nf6 33. Qd4 Qe7 34. h5 Kf7 35. Rg2 Ra8 36. Kd2 Qb7 37. Qb4 Qa7 38. Qd6 Rc8 39. Rg1 Qa2 40. Qa3 Qc4 41. Rd1 Rc7 42. Ke1 Ng4 43. Bxg4 fxg4 44. Rd4 Qb5 45. Qb4 Qa6 46. Qa4 Qb6 47. Qc2 Kf8 48. Kf2 Rf7 49. Kg3 e5 50. fxe5 Qe6 51. Rf4 Qxe5 52. Qf2 Kg8 53. Kxg4 Re7 54. Rf8+ Kh7 55. Qf5+ Qxf5+ 56. Rxf5 Rb7 57. Rxd5 Rxb2 58. c4 Kg8 59. Kf5 Rc2 60. c5 Kf7 61. Rd7+ Ke8 62. Rc7 Rh2 63. Rxg7 Rxh5+ 64. Ke6 Rh6+ 65. Kd5 Rh5+ 66. Kd4 Rh1 67. c6 Kd8 68. e4 Rc1 69. c7+ Kc8 70. Ke5 Re1 71. Kd6 Rd1+ 72. Ke6 Re1 73. e5 Re2 74. Re7 Re1 75. Kf7 Rf1+ 76. Kg8 Rg1+ 77. Kf8 Rf1+ 78. Ke8 Rf5 79. Re6 Kxc7 80. Ke7 Rh5 81. Kf6 Kd7 82. Re7+ Kd8 83. Rg7 Rh6+ 84. Kf7 Kd7 85. Kf8+ Ke6 86. Re7+ Kf5 87. Kg7 Re6 1/2-1/2

[Event "SK Kriegshaber 1-SK Tarrasch Muenchen 1"]
[Site "?"]
[Date "2023.11.19"]
[Round "2.6"]
[White "Hahn, Christoph"]
[Black "Koester, Roman"]
[Result "0-1"]
[WhiteElo "2103"]
[BlackElo "2045"]
[PlyCount "118"]
[EventDate "2023.??.??"]
[WhiteTeam "SK Kriegshaber 1"]
[BlackTeam "SK Tarrasch München 1"]

1. Nf3 Nf6 2. b3 g6 3. Bb2 Bg7 4. g3 d6 5. Bg2 e5 6. d3 Nc6 7. c4 O-O 8. a3 a5 9. O-O h6 10. Qc2 Be6 11. Nbd2 Qd7 12. Rfe1 Bh3 13. Bh1 Ng4 14. e3 f5 15. Bc3 g5 16. b4 axb4 17. axb4 Rab8 18. b5 Ne7 19. Re2 f4 20. exf4 gxf4 21. d4 exd4 22. Bxd4 Bxd4 23. Nxd4 Ne5 24. Rae1 Nf5 25. Bd5+ Kh8 26. N2f3 Nxd4 27. Nxd4 Qg7 28. Be6 Bg4 29. Bxg4 Qxg4 30. Re4 Qh3 31. Rxe5 dxe5 32. Qe4 exd4 33. Qxd4+ Kg8 34. Qd5+ Rf7 35. Re6 Qf5 36. Re5 Qb1+ 37. Kg2 f3+ 38. Kh3 Qg6 39. g4 c6 40. bxc6 bxc6 41. Qd2 Rbf8 42. c5 Rf4 43. Qd7 Re4 44. Rxe4 Qxe4 45. Qd6 Kg7 46. Qd7+ Rf7 47. Qd8 Qe5 48. Qd2 h5 49. gxh5 Qxh5+ 50. Kg3 Qg6+ 51. Kh3 Qg2+ 52. Kh4 Qxh2+ 53. Kg4 Qg2+ 54. Kh4 Qh1+ 55. Kg3 Qh6 56. Qa2 Qg6+ 57. Kh3 Rf5 58. Qb2+ Kh7 59. Qb7+ Kh6 0-1

[Event "SK Kriegshaber 1-SK Tarrasch Muenchen 1"]
[Site "?"]
[Date "2023.11.19"]
[Round "2.7"]
[White "Lipinsky, Markus"]
[Black "Stoer, Andreas"]
[Result "1-0"]
[WhiteElo "1988"]
[BlackElo "2065"]
[PlyCount "61"]
[EventDate "2023.??.??"]
[WhiteTeam "SK Tarrasch München 1"]
[BlackTeam "SK Kriegshaber 1"]

1. d4 d5 2. c4 c6 3. Nc3 Nf6 4. Nf3 e6 5. Bg5 Nbd7 6. Qc2 Qa5 7. Bd2 Qc7 8. e4 dxe4 9. Nxe4 c5 10. O-O-O Be7 11. Kb1 b6 12. Bg5 Bb7 13. d5 O-O-O 14. Nc3 a6 15. dxe6 fxe6 16. Bd3 Bd6 17. Rhe1 Ne5 18. Nxe5 Bxe5 19. Na4 h6 20. Bh4 Rd4 21. f4 Bxf4 22. Rxe6 Rd6 23. Rxd6 Bxd6 24. Qb3 g5 25. Nxb6+ Kb8 26. Bf2 Rf8 27. Be1 Be5 28. Ba5 Qc6 29. Bf5 Bd4 30. Re1 Ne4 31. Nd7+ 1-0

[Event "SK Tarrasch Muenchen 1-SG PS Regensburg "]
[Site "?"]
[Date "2023.12.03"]
[Round "3.1"]
[White "Schmid, Roland"]
[Black "Maksimenko, Andrei"]
[Result "1/2-1/2"]
[WhiteElo "2209"]
[BlackElo "2453"]
[PlyCount "22"]
[EventDate "2023.??.??"]
[WhiteTeam "SG PS Regensburg 1"]
[BlackTeam "SK Tarrasch München 1"]

1. d4 d5 2. c4 c6 3. cxd5 cxd5 4. Bf4 Nc6 5. e3 Nf6 6. Nc3 a6 7. Be2 Bf5 8. g4 Be6 9. Bf3 h6 10. h4 Qb6 11. Nge2 Rd8 1/2-1/2

[Event "SK Tarrasch Muenchen 1-SG PS Regensburg "]
[Site "?"]
[Date "2023.12.03"]
[Round "3.2"]
[White "Das, Soham"]
[Black "Loos, Roland"]
[Result "1-0"]
[WhiteElo "2374"]
[BlackElo "2234"]
[PlyCount "47"]
[EventDate "2023.??.??"]
[WhiteTeam "SK Tarrasch München 1"]
[BlackTeam "SG PS Regensburg 1"]

1. e4 e5 2. Nf3 Nc6 3. Bc4 Nf6 4. d3 Be7 5. O-O O-O 6. Re1 d6 7. a4 Be6 8. Bxe6 fxe6 9. h3 Qd7 10. c3 Rae8 11. Nbd2 Bd8 12. Nc4 Ne7 13. Be3 Ng6 14. g3 Qf7 15. Kg2 Nh5 16. a5 Nh8 17. Bxa7 Qg6 18. Kh2 Nf7 19. Be3 Ng5 20. Nh4 Qf7 21. Rf1 Nf4 22. Ng2 Nxd3 23. Bxg5 Nxf2 24. Qd2 1-0

[Event "SK Tarrasch Muenchen 1-SG PS Regensburg "]
[Site "?"]
[Date "2023.12.03"]
[Round "3.3"]
[White "Pohl-Kuemmel, Jens-Uwe"]
[Black "Meier, Volker"]
[Result "1/2-1/2"]
[WhiteElo "2222"]
[BlackElo "2190"]
[PlyCount "61"]
[EventDate "2023.??.??"]
[WhiteTeam "SG PS Regensburg 1"]
[BlackTeam "SK Tarrasch München 1"]

1. Nf3 Nf6 2. c4 g6 3. Nc3 Bg7 4. e4 d6 5. d4 O-O 6. Be2 e5 7. O-O exd4 8. Nxd4 Re8 9. f3 c6 10. Kh1 d5 11. exd5 cxd5 12. Bg5 dxc4 13. Bxc4 Nc6 14. Nxc6 Qxd1 15. Raxd1 bxc6 16. Rfe1 Be6 17. Bxe6 fxe6 18. Rd6 Nd5 19. Rxc6 Nxc3 20. bxc3 Rac8 21. Rxc8 Rxc8 22. Rxe6 Bxc3 23. h4 a5 24. Kh2 Rc4 25. Re4 Rc6 26. Kg3 h5 27. Kf2 Ba1 28. Re2 Kf7 29. Re7+ Kf8 30. Re2 Kf7 31. Re7+ 1/2-1/2

[Event "SK Tarrasch Muenchen 1-SG PS Regensburg "]
[Site "?"]
[Date "2023.12.03"]
[Round "3.4"]
[White "Reinhard, Simon"]
[Black "Quast, Michael"]
[Result "1/2-1/2"]
[WhiteElo "2102"]
[BlackElo "2211"]
[PlyCount "44"]
[EventDate "2023.??.??"]
[WhiteTeam "SK Tarrasch München 1"]
[BlackTeam "SG PS Regensburg 1"]

1. d4 Nf6 2. Nf3 d6 3. g3 g6 4. Bg2 Bg7 5. O-O O-O 6. b3 c6 7. Bb2 Bf5 8. Nbd2 Ne4 9. Ne1 d5 10. Nxe4 dxe4 11. c4 Qd7 12. Nc2 Bh3 13. Ba3 Bxg2 14. Kxg2 Rd8 15. e3 Na6 16. Qe2 e5 17. Rad1 exd4 18. Nxd4 Qe8 19. Qc2 f5 20. Ne2 Be5 21. Rxd8 Rxd8 22. Rd1 Rd7 1/2-1/2

[Event "SK Tarrasch Muenchen 1-SG PS Regensburg "]
[Site "?"]
[Date "2023.12.03"]
[Round "3.5"]
[White "Wutz, Christoph"]
[Black "Tauber, Manfred"]
[Result "1/2-1/2"]
[WhiteElo "2174"]
[BlackElo "2175"]
[PlyCount "38"]
[EventDate "2023.??.??"]
[WhiteTeam "SG PS Regensburg 1"]
[BlackTeam "SK Tarrasch München 1"]

1. e4 e5 2. Nf3 Nf6 3. Nxe5 Nxe4 4. Qe2 Qe7 5. Qxe4 d6 6. d4 dxe5 7. dxe5 Nc6 8. Bb5 Bd7 9. Be3 O-O-O 10. Nc3 Qb4 11. O-O-O Qxe4 12. Nxe4 Nxe5 13. Bxd7+ Rxd7 14. Rxd7 Nxd7 15. Bd4 Be7 16. Re1 Rg8 17. Kd1 Bd8 18. Re3 f5 19. Nd2 Nf6 1/2-1/2

[Event "SK Tarrasch Muenchen 1-SG PS Regensburg "]
[Site "?"]
[Date "2023.12.03"]
[Round "3.6"]
[White "Lipinsky, Markus"]
[Black "Werner, Claus"]
[Result "0-1"]
[WhiteElo "1988"]
[BlackElo "2141"]
[PlyCount "66"]
[EventDate "2023.??.??"]
[WhiteTeam "SK Tarrasch München 1"]
[BlackTeam "SG PS Regensburg 1"]

1. d4 c5 2. d5 Nf6 3. Nc3 d6 4. e4 g6 5. Bb5+ Nfd7 6. a4 Bg7 7. f4 O-O 8. Nf3 Na6 9. O-O Nc7 10. Bc4 a6 11. Ra3 Rb8 12. Qe2 Bxc3 13. bxc3 b5 14. axb5 axb5 15. Ba2 Nb6 16. f5 f6 17. Bh6 Rf7 18. fxg6 hxg6 19. Ng5 fxg5 20. Rxf7 Kxf7 21. c4 g4 22. cxb5 Qh8 23. Bc1 Qd4+ 24. Kh1 Nxb5 25. Qf1+ Kg8 26. Rb3 Nc3 27. Bb2 Qd1 28. Qxd1 Nxd1 29. Bc1 Nf2+ 30. Kg1 Nxe4 31. Re3 Bf5 32. h3 g3 33. c4 Nd7 0-1

[Event "SK Tarrasch Muenchen 1-SG PS Regensburg "]
[Site "?"]
[Date "2023.12.03"]
[Round "3.7"]
[White "Gruber, Roland"]
[Black "Pindado Campos, Raul"]
[Result "1/2-1/2"]
[WhiteElo "2093"]
[BlackElo "2114"]
[PlyCount "81"]
[EventDate "2023.??.??"]
[WhiteTeam "SG PS Regensburg 1"]
[BlackTeam "SK Tarrasch München 1"]

1. Nf3 Nf6 2. c4 c5 3. g3 g6 4. Bg2 Bg7 5. O-O Nc6 6. Nc3 O-O 7. d3 d6 8. Rb1 Bg4 9. h3 Bd7 10. Be3 Ne8 11. Qd2 Rb8 12. Bh6 a6 13. Nd5 Nc7 14. Bxg7 Kxg7 15. Qc3+ Kg8 16. Rfe1 e5 17. Nd2 Nxd5 18. cxd5 Nd4 19. e3 Nb5 20. Qc2 Nc7 21. b4 cxb4 22. Rxb4 b5 23. Rbb1 Rc8 24. Qb2 Bf5 25. Qa3 Ra8 26. e4 Bc8 27. Qc3 Bb7 28. d4 Rc8 29. Qd3 exd4 30. Qxd4 Na8 31. a4 Qa5 32. axb5 axb5 33. Nb3 Qa3 34. Qb2 Qxb2 35. Rxb2 Rfe8 36. Re3 Nb6 37. Na5 Ba6 38. Ra2 Rc1+ 39. Kh2 Na4 40. Nc6 Bb7 41. Nd4 1/2-1/2

[Event "SK Tarrasch Muenchen 1-SG PS Regensburg "]
[Site "?"]
[Date "2023.12.03"]
[Round "3.8"]
[White "Schwan, Aaron"]
[Black "Werner, Holger"]
[Result "0-1"]
[WhiteElo "2028"]
[BlackElo "1941"]
[PlyCount "40"]
[EventDate "2023.??.??"]
[WhiteTeam "SK Tarrasch München 1"]
[BlackTeam "SG PS Regensburg 1"]

1. e4 c5 2. Nf3 g6 3. d4 cxd4 4. Nxd4 Nc6 5. c4 Nf6 6. Nc3 Nxd4 7. Qxd4 d6 8. Be3 Bg7 9. c5 O-O 10. cxd6 Ng4 11. dxe7 Qxe7 12. Qd3 Nxe3 13. Qxe3 Qb4 14. e5 Bg4 15. h3 Bxe5 16. hxg4 Qxb2 17. Rc1 Rfe8 18. Ne2 Bd6 19. Qh6 Bb4+ 20. Kd1 Rad8+ 0-1

[Event "SC NT Nuernberg 1-TSV Trostberg 1"]
[Site "?"]
[Date "2023.12.03"]
[Round "3.1"]
[White "Bauer, Sebastian"]
[Black "Milov, Leonid"]
[Result "1/2-1/2"]
[WhiteElo "2288"]
[BlackElo "2427"]
[PlyCount "44"]
[EventDate "2023.??.??"]
[WhiteTeam "TSV Trostberg 1"]
[BlackTeam "SC NT Nürnberg 1"]

1. e4 c5 2. Nf3 e6 3. d4 cxd4 4. Nxd4 Nc6 5. Nc3 Qc7 6. Be3 a6 7. Qf3 h5 8. Nxc6 Qxc6 9. Bd3 b5 10. h4 Bb7 11. Qg3 Ne7 12. a4 b4 13. Ne2 Ng6 14. Nd4 Qd6 15. Qxd6 Bxd6 16. Nb3 Nf4 17. Bf1 Be5 18. Na5 O-O-O 19. Bxf4 Bxf4 20. Nxb7 Kxb7 21. Rd1 Be5 22. b3 Kb6 1/2-1/2

[Event "SC NT Nuernberg 1-TSV Trostberg 1"]
[Site "?"]
[Date "2023.12.03"]
[Round "3.2"]
[White "Yelisieiev, Yevhenii"]
[Black "Windhager, Hannes"]
[Result "1-0"]
[WhiteElo "2387"]
[BlackElo "2239"]
[PlyCount "79"]
[EventDate "2023.??.??"]
[WhiteTeam "SC NT Nürnberg 1"]
[BlackTeam "TSV Trostberg 1"]

1. Nf3 d5 2. b3 Bf5 3. Bb2 e6 4. e3 Nf6 5. d4 c6 6. Bd3 Bxd3 7. Qxd3 Ne4 8. O-O Nd7 9. Ne5 Nxe5 10. dxe5 Be7 11. f3 Nc5 12. Qe2 O-O 13. Nd2 f6 14. f4 a5 15. Rf3 fxe5 16. Rg3 Rf7 17. fxe5 Qd7 18. Qg4 Raf8 19. h4 b5 20. Bd4 Nb7 21. a4 c5 22. Bb2 bxa4 23. Rxa4 c4 24. Bd4 cxb3 25. cxb3 Qc6 26. Kh2 Bd8 27. Nf3 Kh8 28. Bb2 Qd7 29. Ba3 Re8 30. Rf4 g6 31. h5 Rg8 32. Nd4 Bc7 33. Qxe6 Qxe6 34. Nxe6 Rxf4 35. exf4 Bb6 36. Be7 Re8 37. Bf6+ Kg8 38. f5 Nd8 39. Bxd8 Bxd8 40. hxg6 1-0

[Event "SC NT Nuernberg 1-TSV Trostberg 1"]
[Site "?"]
[Date "2023.12.03"]
[Round "3.3"]
[White "Hinterreiter, Markus"]
[Black "Hrebenshchykova, Yelyzaveta"]
[Result "1-0"]
[WhiteElo "2298"]
[BlackElo "2300"]
[PlyCount "93"]
[EventDate "2023.??.??"]
[WhiteTeam "TSV Trostberg 1"]
[BlackTeam "SC NT Nürnberg 1"]

1. c4 e6 2. g3 Nf6 3. Bg2 d5 4. Nf3 d4 5. O-O Nc6 6. d3 Be7 7. e3 O-O 8. exd4 Nxd4 9. Nc3 c5 10. Nxd4 cxd4 11. Ne4 Nd7 12. Re1 a5 13. b3 Ra7 14. Bb2 Nc5 15. a3 b6 16. b4 axb4 17. axb4 Rxa1 18. Bxa1 Nxe4 19. Rxe4 Bxb4 20. Rxd4 Qc7 21. Rh4 Be7 22. Re4 Rd8 23. Re1 Bb7 24. Qg4 Bf8 25. Be5 Qc8 26. Be4 Bxe4 27. Qxe4 Qd7 28. d4 Rc8 29. Rc1 Bd6 30. Bxd6 Qxd6 31. Qb7 Qc7 32. Qxc7 Rxc7 33. Kf1 Kf8 34. Ke2 Ke7 35. Kd3 Kd6 36. Ra1 Kc6 37. Ra8 f5 38. f4 g6 39. Kc3 Rd7 40. Rc8+ Rc7 41. Rxc7+ Kxc7 42. Kb4 Kc6 43. Ka4 Kb7 44. Kb5 Kc7 45. h4 h6 46. c5 bxc5 47. dxc5 1-0

[Event "SC NT Nuernberg 1-TSV Trostberg 1"]
[Site "?"]
[Date "2023.12.03"]
[Round "3.5"]
[White "Kobl, Rudolf"]
[Black "Promyshlyanskyy, Vitaliy"]
[Result "1/2-1/2"]
[WhiteElo "2084"]
[BlackElo "2259"]
[PlyCount "80"]
[EventDate "2023.??.??"]
[WhiteTeam "TSV Trostberg 1"]
[BlackTeam "SC NT Nürnberg 1"]

1. e4 e5 2. Nf3 Nc6 3. Bc4 Nf6 4. d4 exd4 5. O-O Nxe4 6. Re1 d5 7. Bxd5 Qxd5 8. Nc3 Qh5 9. Nxe4 Be6 10. Bg5 Bd6 11. Nxd6+ cxd6 12. Bf4 Qd5 13. c3 Qf5 14. cxd4 O-O-O 15. Bg3 Bd5 16. Rc1 Bxf3 17. gxf3 Qd5 18. Qa4 Kb8 19. Rc5 Qxd4 20. Qxd4 Nxd4 21. Re7 Rhe8 22. Rxf7 Ne2+ 23. Kg2 Nxg3 24. Rcc7 Ne2 25. Rxb7+ Ka8 26. Rxa7+ Kb8 27. Rfb7+ Kc8 28. Rxg7 Nf4+ 29. Kf1 Kb8 30. Rgb7+ Kc8 31. Rxh7 Kb8 32. Rhb7+ Kc8 33. Rf7 Kb8 34. a4 Nd3 35. Rfb7+ Kc8 36. Rc7+ Kb8 37. Rab7+ Ka8 38. Ra7+ Kb8 39. Rcb7+ Kc8 40. Rc7+ Kb8 1/2-1/2

[Event "SC NT Nuernberg 1-TSV Trostberg 1"]
[Site "?"]
[Date "2023.12.03"]
[Round "3.6"]
[White "Heimrath, Reiner"]
[Black "Huch, Reiner"]
[Result "1-0"]
[WhiteElo "2163"]
[BlackElo "2206"]
[PlyCount "95"]
[EventDate "2023.??.??"]
[WhiteTeam "SC NT Nürnberg 1"]
[BlackTeam "TSV Trostberg 1"]

1. e4 e6 2. Qe2 c5 3. g3 Nc6 4. c3 g6 5. Bg2 Bg7 6. f4 Nge7 7. Nh3 d6 8. Nf2 e5 9. d3 Be6 10. Be3 b6 11. Nd2 Qd7 12. Nf3 h6 13. O-O O-O 14. Rad1 exf4 15. gxf4 d5 16. f5 gxf5 17. Nh4 f4 18. Bxf4 Ng6 19. Bg3 Nxh4 20. Bxh4 Rae8 21. Qh5 d4 22. c4 Ne5 23. Kh1 Bg4 24. Nxg4 Qxg4 25. Bf3 Qh3 26. Rf2 Ng6 27. Bg3 Qxh5 28. Bxh5 Be5 29. Rg1 Bxg3 30. Rxg3 Re6 31. Bg4 Rc6 32. Bd7 Rd6 33. Bf5 Re8 34. h4 Kh8 35. Bxg6 fxg6 36. Rf7 a5 37. Rgf3 Kg8 38. R3f6 Rb8 39. a4 Rxf6 40. Rxf6 Kg7 41. Rd6 Rb7 42. Kg2 Rb8 43. Kg3 Rb7 44. Kg4 Kh7 45. e5 Kg7 46. Kf4 Rf7+ 47. Ke4 g5 48. h5 1-0

[Event "SC NT Nuernberg 1-TSV Trostberg 1"]
[Site "?"]
[Date "2023.12.03"]
[Round "3.7"]
[White "Kern, Johannes"]
[Black "Kabatianski, Alexander"]
[Result "1/2-1/2"]
[WhiteElo "2148"]
[BlackElo "2269"]
[PlyCount "100"]
[EventDate "2023.??.??"]
[WhiteTeam "TSV Trostberg 1"]
[BlackTeam "SC NT Nürnberg 1"]

1. d4 Nf6 2. Bf4 e6 3. e3 b6 4. Qf3 d5 5. Nc3 Bb4 6. Nge2 Bb7 7. a3 Bd6 8. Nb5 Bxf4 9. Qxf4 Na6 10. Ng3 O-O 11. Bd3 Qe7 12. O-O c6 13. Nd6 Rad8 14. Nxb7 Qxb7 15. Qh4 Nb8 16. f4 Rde8 17. Rf3 Qe7 18. Nh5 Ne4 19. Qe1 g6 20. Ng3 f5 21. Rf1 Nxg3 22. Qxg3 c5 23. c3 c4 24. Be2 Kf7 25. Qh3 h5 26. Bd1 Rc8 27. Rc1 b5 28. Rc2 Nd7 29. g3 a5 30. Qg2 Rb8 31. h3 Rh8 32. Kf2 b4 33. axb4 axb4 34. Re1 bxc3 35. bxc3 Rb3 36. Bf3 Nf6 37. Ra1 Rhb8 38. Ke1 R8b6 39. Qe2 Qb7 40. Kf2 Rb2 41. Rac1 Ke7 42. Ke1 R6b3 43. Qf2 Kd8 44. Qd2 Qb6 45. Rxb2 Rxb2 46. Rc2 Rb1+ 47. Rc1 Rb3 48. Rc2 Ne8 49. g4 hxg4 50. hxg4 Nd6 1/2-1/2

[Event "SC NT Nuernberg 1-TSV Trostberg 1"]
[Site "?"]
[Date "2023.12.03"]
[Round "3.8"]
[White "Kochiev, Ivan"]
[Black "Mostbauer, Maximilian"]
[Result "1-0"]
[WhiteElo "2134"]
[BlackElo "2135"]
[PlyCount "77"]
[EventDate "2023.??.??"]
[WhiteTeam "SC NT Nürnberg 1"]
[BlackTeam "TSV Trostberg 1"]

1. e4 e6 2. d4 d5 3. Nd2 dxe4 4. Nxe4 Nd7 5. Bd3 Ngf6 6. Nf3 Nxe4 7. Bxe4 Nf6 8. Bd3 c5 9. O-O cxd4 10. Nxd4 Bc5 11. Nb3 Bd6 12. Qf3 Qc7 13. h3 Bd7 14. c4 Bc6 15. Qe3 Rd8 16. Bd2 Be5 17. Rfe1 Bxb2 18. Rad1 O-O 19. Bb4 Nd7 20. Re2 Bf6 21. Bxf8 Nxf8 22. Red2 e5 23. Be4 Rxd2 24. Rxd2 Bxe4 25. Qxe4 Ne6 26. Qd5 g6 27. c5 Nd4 28. Nxd4 exd4 29. Qd6 Qa5 30. Rd1 Kg7 31. Qd5 b6 32. Rxd4 Qe1+ 33. Kh2 Qe5+ 34. f4 Qe3 35. Re4 Qxc5 36. Qxc5 bxc5 37. Ra4 Bd4 38. Rxa7 c4 39. Ra4 1-0

[Event "SF Augsburg 1-SK Weilheim 1"]
[Site "?"]
[Date "2023.12.03"]
[Round "3.1"]
[White "Lehner, Oliver"]
[Black "Draskovic, Luka"]
[Result "0-1"]
[WhiteElo "2394"]
[BlackElo "2504"]
[PlyCount "40"]
[EventDate "2023.??.??"]
[WhiteTeam "SK Weilheim 1"]
[BlackTeam "SF Augsburg 1"]

1. e4 c5 2. Nf3 d6 3. d4 cxd4 4. Nxd4 Nf6 5. Nc3 Nc6 6. Bg5 e6 7. Qd3 Qb6 8. O-O-O Qxd4 9. Qxd4 Nxd4 10. Rxd4 a6 11. Na4 Nd7 12. c4 Be7 13. h4 f6 14. Be3 Rb8 15. Be2 b6 16. Rhd1 Bb7 17. Bg4 Kf7 18. f4 Nc5 19. Nxb6 Bxe4 20. Nd7 Nxd7 0-1

[Event "SF Augsburg 1-SK Weilheim 1"]
[Site "?"]
[Date "2023.12.03"]
[Round "3.2"]
[White "Pancevski, Filip"]
[Black "Guttenthaler, Franz"]
[Result "1-0"]
[WhiteElo "2446"]
[BlackElo "2300"]
[PlyCount "75"]
[EventDate "2023.??.??"]
[WhiteTeam "SF Augsburg 1"]
[BlackTeam "SK Weilheim 1"]

1. e4 e6 2. d3 d5 3. Nd2 c5 4. Ngf3 Nc6 5. g3 Nf6 6. Bg2 Be7 7. O-O O-O 8. Re1 Qc7 9. e5 Nd7 10. Qe2 b5 11. h4 a5 12. Nf1 Ba6 13. Bg5 Rfc8 14. Bxe7 Nxe7 15. h5 b4 16. h6 g6 17. Qe3 Qd8 18. N1h2 a4 19. a3 Bb5 20. Qf4 Rab8 21. Bf1 Bc6 22. Rec1 Qf8 23. Ng4 Nf5 24. Bg2 bxa3 25. bxa3 Rb2 26. Bf1 Rcb8 27. Be2 R8b6 28. Bd1 Rb8 29. c3 R8b7 30. Ng5 Qb8 31. Bxa4 Bxa4 32. Qxa4 Rd2 33. Rd1 Rxd1+ 34. Rxd1 Qd8 35. Nf3 Qf8 36. Qf4 Rb3 37. a4 Rxc3 38. Rb1 1-0

[Event "SF Augsburg 1-SK Weilheim 1"]
[Site "?"]
[Date "2023.12.03"]
[Round "3.3"]
[White "Deglmann, Ludwig"]
[Black "Vuckovic, Zarko"]
[Result "1/2-1/2"]
[WhiteElo "2208"]
[BlackElo "2358"]
[PlyCount "209"]
[EventDate "2023.??.??"]
[WhiteTeam "SK Weilheim 1"]
[BlackTeam "SF Augsburg 1"]

1. Nf3 d5 2. e3 Nf6 3. b3 c6 4. c4 Bf5 5. Nc3 h6 6. Ba3 Nbd7 7. cxd5 cxd5 8. Nd4 Bg6 9. f4 e5 10. Bxf8 Kxf8 11. fxe5 Nxe5 12. Be2 Nd3+ 13. Bxd3 Bxd3 14. Qf3 Qd6 15. Nde2 Re8 16. O-O h5 17. Qf4 Qxf4 18. Rxf4 Ne4 19. Nxe4 dxe4 20. Kf2 g6 21. Rc1 Re7 22. Rf6 Rd7 23. Ke1 Kg7 24. Rf2 Re8 25. Rc5 Ree7 26. Nf4 Rc7 27. Nxd3 exd3 28. Rc3 Rxe3+ 29. Kd1 Ree7 30. Rxd3 Rc6 31. Rc3 Rd6 32. Re2 Red7 33. Kc2 h4 34. Rc8 f5 35. Rce8 Kf6 36. Rf8+ Kg5 37. Rfe8 Kg4 38. Kd1 f4 39. Rh8 g5 40. Ke1 Rd3 41. Rg8 R3d5 42. Kf2 Rxd2 43. h3+ Kf5 44. Rh8 Kg6 45. Rg8+ Kf6 46. Rf8+ Kg7 47. Rb8 Rxe2+ 48. Kxe2 a6 49. Kf3 Kf6 50. Rf8+ Rf7 51. Rb8 Rc7 52. Rf8+ Kg7 53. Rb8 Rc3+ 54. Kf2 Rc2+ 55. Kf3 Rxa2 56. Rxb7+ Kg6 57. Rb8 Kh6 58. Rh8+ Kg7 59. Rb8 a5 60. Rb6 Kf7 61. Rb5 Kg6 62. Rb6+ Kh5 63. Rb5 Ra3 64. Kf2 Kg6 65. Ke2 Ra2+ 66. Kf3 Kh5 67. Rb8 Ra3 68. Kf2 a4 69. bxa4 Rxa4 70. Rb6 Ra5 71. Kf3 Ra8 72. Rc6 Rh8 73. Ra6 Rg8 74. Ra5 Rg6 75. Ra8 Re6 76. Rg8 Re3+ 77. Kf2 Rg3 78. Rh8+ Kg6 79. Rg8+ Kf7 80. Ra8 Re3 81. Ra5 Kf6 82. Ra8 Re6 83. Kf3 Re3+ 84. Kf2 Rc3 85. Ra5 Rd3 86. Ke2 Re3+ 87. Kf2 Re5 88. Ra8 Kf5 89. Kf3 Re3+ 90. Kf2 Rb3 91. Ra5+ Kg6 92. Ra6+ Kh5 93. Ra8 Rg3 94. Ra5 Kg6 95. Ra6+ Kf5 96. Ra5+ Ke4 97. Ra4+ Kd5 98. Ra5+ Kc4 99. Ra4+ Kb5 100. Re4 Kc5 101. Ra4 Kb5 102. Re4 Kc6 103. Ra4 f3 104. gxf3 Rxh3 105. Rg4 1/2-1/2

[Event "SF Augsburg 1-SK Weilheim 1"]
[Site "?"]
[Date "2023.12.03"]
[Round "3.4"]
[White "Lavrinenkov, Vadim"]
[Black "de Francesco, Klaus"]
[Result "1/2-1/2"]
[WhiteElo "2286"]
[BlackElo "2126"]
[PlyCount "109"]
[EventDate "2023.??.??"]
[WhiteTeam "SF Augsburg 1"]
[BlackTeam "SK Weilheim 1"]

1. e4 c5 2. Nf3 Nc6 3. Bb5 g6 4. Bxc6 bxc6 5. O-O Bg7 6. Re1 Nh6 7. c3 O-O 8. d4 cxd4 9. cxd4 d5 10. e5 Bg4 11. Nbd2 Qb6 12. h3 Bxf3 13. Nxf3 f6 14. exf6 exf6 15. Bxh6 Bxh6 16. Qc2 Rfe8 17. Re2 Kf7 18. Rae1 Qa6 19. b3 Rxe2 20. Rxe2 Re8 21. Rxe8 Kxe8 22. h4 Kf7 23. h5 Qc8 24. hxg6+ hxg6 25. Nh4 Qg4 26. g3 Bf8 27. Qxc6 Qxd4 28. Qd7+ Be7 29. Nxg6 Kxg6 30. Qxe7 Qa1+ 31. Kg2 Qxa2 32. Qe8+ Kf5 33. Qd7+ Ke5 34. g4 Qa6 35. Qe7+ Kf4 36. Qe3+ Kxg4 37. Qf3+ Kg5 38. Qxd5+ Kg6 39. Kf3 Qb6 40. Qd3+ Kg7 41. Qe3 Qb7+ 42. Kg3 a5 43. f4 Qd5 44. Qf3 Qd2 45. Kg4 Qd7+ 46. Kh4 Qd2 47. Kh5 Qh2+ 48. Kg4 Qg1+ 49. Kf5 Qc5+ 50. Ke6 Qc8+ 51. Kd6 Qb8+ 52. Kd7 Qb5+ 53. Ke7 Qc5+ 54. Kd7 Qb5+ 55. Ke7 1/2-1/2

[Event "SF Augsburg 1-SK Weilheim 1"]
[Site "?"]
[Date "2023.12.03"]
[Round "3.5"]
[White "Lochte, Thomas"]
[Black "Weller, Uli"]
[Result "0-1"]
[WhiteElo "1964"]
[BlackElo "2263"]
[PlyCount "66"]
[EventDate "2023.??.??"]
[WhiteTeam "SK Weilheim 1"]
[BlackTeam "SF Augsburg 1"]

1. e4 c5 2. d4 cxd4 3. c3 dxc3 4. Nxc3 e6 5. Nf3 a6 6. Bc4 b5 7. Bb3 Bb7 8. O-O Ne7 9. Bg5 h6 10. Be3 Ng6 11. Re1 Be7 12. Rc1 O-O 13. a3 Nc6 14. Nd2 Bg5 15. Bxg5 hxg5 16. Nf3 g4 17. Nd4 Nce5 18. Re3 Qg5 19. Rg3 Rac8 20. Rc2 Kh7 21. Rd2 f5 22. Nf3 Nxf3+ 23. gxf3 Ne5 24. Rxd7 Rcd8 25. f4 Rxd7 26. Qxd7 Qxf4 27. Qxb7 Qc1+ 28. Bd1 f4 29. Qe7 Rf6 30. Rg2 f3 31. Rg3 Qd2 32. Kh1 Qxf2 33. Nd5 Rh6 0-1

[Event "SF Augsburg 1-SK Weilheim 1"]
[Site "?"]
[Date "2023.12.03"]
[Round "3.7"]
[White "Kobold, Jonathan"]
[Black "Abdic, Adnan"]
[Result "0-1"]
[WhiteElo "1919"]
[BlackElo "2160"]
[PlyCount "180"]
[EventDate "2023.??.??"]
[WhiteTeam "SK Weilheim 1"]
[BlackTeam "SF Augsburg 1"]

1. e4 e5 2. Nf3 Nc6 3. Bc4 Bc5 4. c3 Qe7 5. d3 d6 6. Nbd2 Nf6 7. h3 a6 8. Bb3 Be6 9. Bc2 h6 10. a4 a5 11. Nf1 d5 12. exd5 Nxd5 13. Ng3 O-O-O 14. O-O Kb8 15. Qe2 Bc8 16. Nxe5 Qxe5 17. Qxe5 Nxe5 18. d4 Bxd4 19. cxd4 Nc6 20. Be3 Ncb4 21. Be4 g6 22. Rad1 f5 23. Bxd5 Nxd5 24. Ne2 g5 25. Nc3 f4 26. Bd2 Nb4 27. Be1 b6 28. f3 Be6 29. Bf2 Bb3 30. Rd2 Rh7 31. Ra1 Rhd7 32. Ra3 Bc4 33. Ne4 Nd5 34. Rc2 Ba6 35. Rc6 Rh7 36. Ra1 Bb7 37. Rg6 Nb4 38. Nf6 Rhh8 39. Ng4 Rd6 40. Rxd6 cxd6 41. Re1 Bd5 42. Re7 Rc8 43. Nf6 Rc1+ 44. Kh2 Rf1 45. Be1 Bc6 46. Bxb4 axb4 47. Re2 Rd1 48. Ng4 h5 49. Nf6 b3 50. Nxh5 Rc1 51. d5 Rc2 52. Re6 Bb7 53. Nf6 Rxb2 54. Rxd6 Kc7 55. Rd7+ Kb8 56. Re7 Rd2 57. Re4 b2 58. Rb4 Kc7 59. Ne4 Rc2 60. d6+ Kd8 61. Nxg5 Bd5 62. Rxb6 Ba2 63. h4 b1=Q 64. Rxb1 Bxb1 65. Ne6+ Kd7 66. Nxf4 Kxd6 67. Kg3 Ra2 68. Nh3 Ke5 69. h5 Kf5 70. a5 Rxa5 71. Kh4 Ra3 72. g4+ Kf6 73. f4 Bd3 74. Nf2 Bc2 75. Nh3 Rf3 76. g5+ Kf5 77. g6 Kf6 78. Kg4 Bd1 79. Ng5 Rf1+ 80. Kg3 Bxh5 81. Nh3 Bxg6 82. Nf2 Bf5 83. Kf3 Ra1 84. Ke3 Ke6 85. Kd2 Kd5 86. Ke3 Kc4 87. Kf3 Kd4 88. Ke2 Rc1 89. Kf3 Re1 90. Kg3 Ke3 0-1